000 00775cam a22002292 4500
001 0000018621
005 20151217145906.0
008 100223s xx 000 0 eng d
020 _a0521679732
040 _aKABU
_cKABU
100 1 _aRiley, K. F.
_@0000156978
245 1 0 _aStudent solutions manual for Mathematical methods for physics and engineering. 3rd ed. /
_cK. F. Riley and M. P. Hobson.
250 _a1st ed.
260 _aCambridge :
_bC. U. P.,
_c2006.
300 _ax, 534 p.
650 0 _aMathematical analysis.
_@0000154569
700 1 _aHobson, M. P.
_@0000156979
852 1 _9p5990 KES (Set)
852 1 _9p5990 KES (Set)
908 _a100223
950 _@1
999 _c3775
_d3775